000
00314nam a22001337a 4500
008
170822b xxu||||| |||| 00| 0 eng d
020
_a
9780131835184
041
_a
eng
080
_2
4TH
_a
51
100
_a
38
101
_a
MAT
245
_a
INTERMEDIATE ALGEBRA FOR COLLEGE STUDENTS
_c
ANGEL,A.R
942
_2
udc
_c
BK
999
_c
24580
_d
24580